00868 a2200205 4500003000500000005001700005040000900022082001200031100003800043245008900081260003100170300001800201505025700219538002900476650001400505651001100519942000800530999001900538952010500557Nust20170207153217.0 cNust a621.382 aAbbasi, Ather Iftikhar (MSEE-7) aEfficient boundary tracing algorithm for 2D planar objectscAther Iftikhar Abbasi  bMCS,NUSTc2003aRawalpindi axii,126, p.; aIntroduction to Thesis (page-1) Digital image preprocessing (page-6) Boundary tracing for 2D character shapes (page-33) Feature extraction (page-49) Character recognition (page-67) Algorithm development and results (page-80) Thesis conclusion (page-92) aAlmirah No 69 Shelf No 1 aPG Thesis aMSEE-7 cTHS c181646d181646 00102ddc40708NFICaMCSbMCSd2016-12-12l0o621.382 ABBpMCSTEE-15r2016-12-08w2016-12-12yBK